Summer crossing : a novel / Truman Capote : ... Read More
Available copies
- 2 of 2 copies available at LARL/NWRL Consortium.
- 2 of 2 copies available at Lake Agassiz Regional Library. (Show)
Current holds
0 current holds with 2 total copies.
Show Only Available Copies
| Location | Call Number / Copy Notes | Barcode | Shelving Location | Status | Due Date |
|---|---|---|---|---|---|
| Crookston Public Library | CAP (Text) | 33500008808883 | Main | Available | - |
| Moorhead Public Library | CAP (Text) | 33500008808875 | Main | Available | - |
Record details
- ISBN: 1400065224 (acid-free paper)
- Physical Description: ix, 142 p. ; 21 cm.
- Edition: 1st ed.
- Publisher: New York : Random House, c2006.
Search for related items by subject
| Subject: | Manhattan (New York, N.Y.) > Fiction. |
| Genre: | Love stories. Bildungsromans. |
| LDR | 01165cam a2200301 a 4500 | ||
|---|---|---|---|
| 001 | 69408 | ||
| 003 | LARL_NWRL_CONSORTIUM | ||
| 005 | 20060523140254.0 | ||
| 008 | 050924s2006 nyu 000 1 eng | ||
| 010 | . | ‡a2005054307 | |
| 020 | . | ‡a1400065224 (acid-free paper) | |
| 035 | . | ‡a(OCoLC)61879809 | |
| 040 | . | ‡aDLC ‡cDLC ‡dBAKER ‡dIH9 ‡dC#P ‡dVP@ ‡dOCLCA | |
| 043 | . | ‡an-us-ny | |
| 082 | 0 | 0. | ‡a813/.54 ‡222 |
| 100 | 1 | . | ‡aCapote, Truman, ‡d1924-1984. ‡0(LARL_NWRL_CONSORTIUM)59860 |
| 245 | 1 | 0. | ‡aSummer crossing : ‡ba novel / ‡cTruman Capote : afterword by Alan U. Schwartz. |
| 250 | . | ‡a1st ed. | |
| 260 | . | ‡aNew York : ‡bRandom House, ‡cc2006. | |
| 300 | . | ‡aix, 142 p. ; ‡c21 cm. | |
| 651 | 0. | ‡aManhattan (New York, N.Y.) ‡vFiction. ‡0(LARL_NWRL_CONSORTIUM)166031 | |
| 655 | 7. | ‡aLove stories. ‡2gsafd | |
| 655 | 7. | ‡aBildungsromans. ‡2gsafd | |
| 901 | . | ‡a69408 ‡bOCLC ‡c69408 ‡tbiblio | |

Add to basket
Permalink
Disable Highlighting